Countries With Outlying Islands - Statistics

General Stats
  • This quiz has been taken 210 times
  • The average score is 40 of 58
Answer Stats
Country % Correct
United States
98%
Canada
95%
Russia
95%
United Kingdom
95%
France
94%
Japan
93%
Norway
92%
Chile
91%
Spain
91%
Australia
90%
China
89%
Denmark
89%
India
89%
Italy
89%
Sweden
89%
Mexico
88%
Brazil
87%
New Zealand
87%
Portugal
87%
Greece
83%
Colombia
80%
Ecuador
80%
Malaysia
79%
Philippines
78%
Thailand
78%
South Africa
76%
Venezuela
76%
Netherlands
74%
South Korea
73%
Vietnam
72%
Germany
71%
Papua New Guinea
71%
Yemen
68%
Federated States of Micronesia
64%
Marshall Islands
64%
Iran
63%
Myanmar
63%
Solomon Islands
63%
Iceland
62%
Fiji
61%
Kiribati
61%
Tonga
60%
Palau
59%
Taiwan
59%
Tuvalu
57%
Egypt
53%
Equatorial Guinea
46%
Mauritius
46%
Costa Rica
45%
Honduras
44%
Seychelles
44%
Nicaragua
41%
United Arab Emirates
41%
Singapore
39%
Belize
38%
Antigua and Barbuda
30%
Qatar
29%
Malawi
2%
No matching quizzes found
Score Distribution
Percent of People with Each Score
Percentile by Number Answered
Your Score History
You have not taken this quiz